NFL Offensive Stat Leaders 2024-25 - Statistics

General Stats
  • This quiz has been taken 417 times
    236 since last reset
  • The average score is 36 of 53
Answer Stats
Passing Yards Player % Correct
T4. 17 tds Josh Allen
93%
T4. 9 ints Patrick Mahomes
93%
1. 981 yards Ja’Marr Chase
91%
1. 10 tds Ja’Marr Chase
91%
2. 2,669 yards Lamar Jackson
91%
T1. 24 tds Lamar Jackson
91%
1. 1,120 yards Derrick Henry
90%
1. 12 tds Derrick Henry
90%
2. 991 yards Saquon Barkley
90%
2. 831 yards Justin Jefferson
87%
1. 2,672 yards Joe Burrow
86%
T1. 24 tds Joe Burrow
86%
7. 16 tds Jared Goff
82%
T4. 9 ints Jared Goff
82%
4. 2,560 yards Geno Smith
80%
T1. 10 ints Geno Smith
80%
T2. 7 tds Amon-Ra St. Brown
77%
5. 2,505 yards Baker Mayfield
77%
T1. 24 tds Baker Mayfield
77%
T4. 9 ints Baker Mayfield
77%
2. 10 tds Jalen Hurts
73%
6. 727 yards Jahmyr Gibbs
72%
T6. 7 tds Jahmyr Gibbs
72%
T4. 17 tds Sam Darnold
72%
T1. 10 ints Sam Darnold
72%
7. 2,371 yards C.J Stroud
70%
T3. 8 tds Kyren Williams
70%
4. 704 yards Garrett Wilson
67%
5. 748 yards Bijan Robinson
66%
3. 2,634 yards Kirk Cousins
66%
T4. 17 tds Kirk Cousins
66%
7. 8 ints Kirk Cousins
66%
6. 2,454 yards Brock Purdy
65%
7. 681 yards CeeDee Lamb
65%
T8. 5 tds Demarcus Robinson
65%
T3. 8 tds David Montgomery
64%
T1. 10 ints Jordan Love
64%
4. 762 yards Josh Jacobs
64%
8. 15 tds Aaron Rodgers
62%
T4. 6 tds Mike Evans
55%
T6. 7 tds Joe Mixon
53%
7. 715 yards Alvin Kamara
52%
8. 6 tds Alvin Kamara
52%
T3. 8 tds James Cook
49%
3. 711 yards Terry McLaurin
47%
T4. 6 tds Terry McLaurin
47%
T4. 6 tds Drake London
44%
T2. 7 tds George Kittle
43%
3. 818 yards Chuba Hubbard
41%
5. 688 yards Zay Flowers
41%
T4. 6 tds Marvin Harrison Jr.
31%
6. 684 yards Darnell Mooney
25%
T8. 5 tds Allen Lazard
13%
No matching quizzes found
Score Distribution
Percent of People with Each Score
Percentile by Number Answered
Your Score History
You have not taken this quiz since the last reset